<?xml version="1.0" encoding="UTF-8"?><marc:collection xmlns:marc="http://www.loc.gov/MARC21/slim">
  <marc:record>
    <marc:leader>00000nam  2200000zi 4500</marc:leader>
    <marc:controlfield tag="001">9.926563</marc:controlfield>
    <marc:controlfield tag="003">CaOODSP</marc:controlfield>
    <marc:controlfield tag="005">20250515154411</marc:controlfield>
    <marc:controlfield tag="006">m     o  d f      </marc:controlfield>
    <marc:controlfield tag="007">cr cn|||||||||</marc:controlfield>
    <marc:controlfield tag="008">230825t20232023qucad   o    f000 0 fre d</marc:controlfield>
    <marc:datafield tag="020" ind1=" " ind2=" ">
      <marc:subfield code="a">9780660676449</marc:subfield>
    </marc:datafield>
    <marc:datafield tag="040" ind1=" " ind2=" ">
      <marc:subfield code="a">CaOODSP</marc:subfield>
      <marc:subfield code="b">fre</marc:subfield>
      <marc:subfield code="e">rda</marc:subfield>
      <marc:subfield code="c">CaOODSP</marc:subfield>
    </marc:datafield>
    <marc:datafield tag="043" ind1=" " ind2=" ">
      <marc:subfield code="a">n-cn---</marc:subfield>
    </marc:datafield>
    <marc:datafield tag="086" ind1="1" ind2=" ">
      <marc:subfield code="a">Em20-148/2024F-PDF</marc:subfield>
    </marc:datafield>
    <marc:datafield tag="245" ind1="0" ind2="0">
      <marc:subfield code="a">Recherche sur l'expérience client des subventions et contributions (année 3).</marc:subfield>
    </marc:datafield>
    <marc:datafield tag="264" ind1=" " ind2="1">
      <marc:subfield code="a">[Gatineau, Québec] : </marc:subfield>
      <marc:subfield code="b">Emploi et développement social Canada = Employment and Social Development Canada, </marc:subfield>
      <marc:subfield code="c">2023.</marc:subfield>
    </marc:datafield>
    <marc:datafield tag="264" ind1=" " ind2="4">
      <marc:subfield code="c">©2023</marc:subfield>
    </marc:datafield>
    <marc:datafield tag="300" ind1=" " ind2=" ">
      <marc:subfield code="a">1 ressource en ligne (224 pages) : </marc:subfield>
      <marc:subfield code="b">illustrations, graphiques + </marc:subfield>
      <marc:subfield code="e">1 sommaire (29 pages) + 1 méthodologie détaillée (57 pages)</marc:subfield>
    </marc:datafield>
    <marc:datafield tag="336" ind1=" " ind2=" ">
      <marc:subfield code="a">texte</marc:subfield>
      <marc:subfield code="b">txt</marc:subfield>
      <marc:subfield code="2">rdacontent/fre</marc:subfield>
    </marc:datafield>
    <marc:datafield tag="337" ind1=" " ind2=" ">
      <marc:subfield code="a">informatique</marc:subfield>
      <marc:subfield code="b">c</marc:subfield>
      <marc:subfield code="2">rdamedia/fre</marc:subfield>
    </marc:datafield>
    <marc:datafield tag="338" ind1=" " ind2=" ">
      <marc:subfield code="a">ressource en ligne</marc:subfield>
      <marc:subfield code="b">cr</marc:subfield>
      <marc:subfield code="2">rdacarrier/fre</marc:subfield>
    </marc:datafield>
    <marc:datafield tag="500" ind1=" " ind2=" ">
      <marc:subfield code="a">Titre de la couverture.</marc:subfield>
    </marc:datafield>
    <marc:datafield tag="500" ind1=" " ind2=" ">
      <marc:subfield code="a">En tête du titre : Service Canada.</marc:subfield>
    </marc:datafield>
    <marc:datafield tag="500" ind1=" " ind2=" ">
      <marc:subfield code="a">« 25 octobre 2023. »</marc:subfield>
    </marc:datafield>
    <marc:datafield tag="500" ind1=" " ind2=" ">
      <marc:subfield code="a">« ROP no 099-22. »</marc:subfield>
    </marc:datafield>
    <marc:datafield tag="500" ind1=" " ind2=" ">
      <marc:subfield code="a">« Numéro de contrat :  CW2266044 (G9292-24-2550). »</marc:subfield>
    </marc:datafield>
    <marc:datafield tag="500" ind1=" " ind2=" ">
      <marc:subfield code="a">Fournisseur : Ipsos.</marc:subfield>
    </marc:datafield>
    <marc:datafield tag="500" ind1=" " ind2=" ">
      <marc:subfield code="a">Publié aussi en anglais sous le titre : Grants and contributions applicants client experience research (year 3).</marc:subfield>
    </marc:datafield>
    <marc:datafield tag="610" ind1="1" ind2="6">
      <marc:subfield code="a">Canada. </marc:subfield>
      <marc:subfield code="b">Service Canada</marc:subfield>
      <marc:subfield code="x">Service à la clientèle</marc:subfield>
      <marc:subfield code="x">Opinion publique.</marc:subfield>
    </marc:datafield>
    <marc:datafield tag="650" ind1=" " ind2="6">
      <marc:subfield code="a">Subventions</marc:subfield>
      <marc:subfield code="z">Canada.</marc:subfield>
    </marc:datafield>
    <marc:datafield tag="650" ind1=" " ind2="6">
      <marc:subfield code="a">Opinion publique</marc:subfield>
      <marc:subfield code="z">Canada.</marc:subfield>
    </marc:datafield>
    <marc:datafield tag="710" ind1="1" ind2=" ">
      <marc:subfield code="a">Canada. </marc:subfield>
      <marc:subfield code="b">Emploi et développement social Canada, </marc:subfield>
      <marc:subfield code="e">organisme de publication.</marc:subfield>
    </marc:datafield>
    <marc:datafield tag="710" ind1="2" ind2=" ">
      <marc:subfield code="a">Ipsos (Firme), </marc:subfield>
      <marc:subfield code="e">expert-conseil.</marc:subfield>
    </marc:datafield>
    <marc:datafield tag="775" ind1="0" ind2="8">
      <marc:subfield code="t">Grants and contributions applicants client experience research (year 3).</marc:subfield>
      <marc:subfield code="w">(CaOODSP)9.926561</marc:subfield>
    </marc:datafield>
    <marc:datafield tag="794" ind1=" " ind2=" ">
      <marc:subfield code="t">Recherche sur l'expérience client des subventions et contributions (année 4).</marc:subfield>
      <marc:subfield code="w">(CaOODSP)9.951156</marc:subfield>
    </marc:datafield>
    <marc:datafield tag="795" ind1=" " ind2=" ">
      <marc:subfield code="t">Recherche sur l'expérience client des subventions et contributions (année 2).</marc:subfield>
      <marc:subfield code="w">(CaOODSP)9.912710</marc:subfield>
    </marc:datafield>
    <marc:datafield tag="856" ind1="4" ind2="0">
      <marc:subfield code="q">PDF</marc:subfield>
      <marc:subfield code="s">7.67 Mo</marc:subfield>
      <marc:subfield code="u">https://publications.gc.ca/collections/collection_2024/edsc-esdc/Em20-148-2024-fra.pdf</marc:subfield>
      <marc:subfield code="z">Rapport</marc:subfield>
    </marc:datafield>
    <marc:datafield tag="856" ind1="4" ind2="0">
      <marc:subfield code="q">PDF</marc:subfield>
      <marc:subfield code="s">1.07 Mo</marc:subfield>
      <marc:subfield code="u">https://publications.gc.ca/collections/collection_2024/edsc-esdc/Em20-148-2024-1-fra.pdf</marc:subfield>
      <marc:subfield code="z">Sommaire</marc:subfield>
    </marc:datafield>
    <marc:datafield tag="856" ind1="4" ind2="0">
      <marc:subfield code="q">PDF</marc:subfield>
      <marc:subfield code="s">1.00 Mo</marc:subfield>
      <marc:subfield code="u">https://publications.gc.ca/collections/collection_2024/edsc-esdc/Em20-148-2024-2-fra.pdf</marc:subfield>
      <marc:subfield code="z">Méthodologie détaillée</marc:subfield>
    </marc:datafield>
    <marc:datafield tag="856" ind1="4" ind2=" ">
      <marc:subfield code="q">HTML</marc:subfield>
      <marc:subfield code="s">S.O.</marc:subfield>
      <marc:subfield code="u">https://epe.bac-lac.gc.ca/100/200/301/pwgsc-tpsgc/por-ef/employment_social_development_canada/2024/099-22-f/POR099-22-rapport.html</marc:subfield>
      <marc:subfield code="z">Rapport</marc:subfield>
    </marc:datafield>
    <marc:datafield tag="856" ind1="4" ind2=" ">
      <marc:subfield code="q">HTML</marc:subfield>
      <marc:subfield code="s">S.O.</marc:subfield>
      <marc:subfield code="u">https://epe.bac-lac.gc.ca/100/200/301/pwgsc-tpsgc/por-ef/employment_social_development_canada/2024/099-22-f/sommaire/POR099-22-sommaire.html</marc:subfield>
      <marc:subfield code="z">Sommaire</marc:subfield>
    </marc:datafield>
    <marc:datafield tag="856" ind1="4" ind2=" ">
      <marc:subfield code="q">HTML</marc:subfield>
      <marc:subfield code="s">S.O.</marc:subfield>
      <marc:subfield code="u">https://epe.bac-lac.gc.ca/100/200/301/pwgsc-tpsgc/por-ef/employment_social_development_canada/2024/099-22-f/POR099-22-Methodology-f/POR099-22-Methodology-f.html</marc:subfield>
      <marc:subfield code="z">Méthodologie détaillée</marc:subfield>
    </marc:datafield>
  </marc:record>
</marc:collection>
